[Event "34th Chess Olympiad (women)"]
[Site "Istanbul"]
[Date "2000.11.05"]
[Round "8.1.1"]
[White "Xie, Jun"]
[Black "Hoang, Thanh"]
[WhiteElo "2568"]
[BlackElo "2489"]
[WhiteCountry "CHN"]
[BlackCountry "VIE"]
[Result "1-0"]

1. e4 e6 2. d4 d5 3. Nd2 Nf6 4. e5 Nfd7 5. Bd3 c5 6. c3 Nc6 7. Ne2 cxd4 
8. cxd4 Qb6 9. Nf3 f6 10. exf6 Nxf6 11. O-O Bd6 12. Nc3 O-O 13. Bc2 Bd7 
14. Re1 Kh8 15. a3 Ne7 16. Bg5 Neg8 17. Rb1 Rac8 18. Qe2 Qc7 19. Rbc1 Bf4 
20. Bxf4 Qxf4 21. Qe5 Qh6 22. Qg5 Rc4 23. Qxh6 Nxh6 24. Bd3 Rcc8 25. Ne5 Be8 
26. Ne2 Bf7 27. Nf4 g5 28. Nxf7+ Nxf7 29. Nxe6 Rxc1 30. Rxc1 Re8 31. Nc5 Nd6 
32. f3 Kg7 33. Nxb7 Nc4 34. Bxc4 dxc4 35. Rc2 Re1+ 36. Kf2 Rd1 37. Nd6 Kg6 
38. Nxc4 Rxd4 39. Ne3 Rd6 40. b4 Rd3 41. Rc6 Kf7 42. Rc7+ 
1-0

[Event "34th Chess Olympiad (women)"]
[Site "Istanbul"]
[Date "2000.11.05"]
[Round "8.1.2"]
[White "Vo, Hong Phuong"]
[Black "Xu, Yuhua"]
[WhiteElo "2261"]
[BlackElo "2505"]
[WhiteCountry "VIE"]
[BlackCountry "CHN"]
[Result "0-1"]

1. e4 c5 2. Nc3 d6 3. f4 g6 4. Nf3 Bg7 5. Bc4 Nc6 6. O-O Nf6 7. d3 O-O 8. f5 e6 
9. Qe1 d5 10. Bb3 c4 11. dxc4 dxe4 12. Nxe4 Nxe4 13. Qxe4 exf5 14. Qe1 Re8 
15. Qg3 Nd4 16. Nxd4 Qxd4+ 17. Kh1 Bd7 18. c3 Qb6 19. Bf4 a5 20. Rfd1 Bc6 
21. Rd2 Re4 22. Re1 Rxe1+ 23. Qxe1 a4 24. Bd1 a3 25. Bb3 Qa5 26. Bd6 axb2 
27. Bb4 Qe5 28. Qf1 Re8 29. Rxb2 Qe3 30. Bd1 Qe1 31. Rf2 Bxc3 32. Bxc3 Qxc3 
33. Re2 Be4 34. Bb3 Rd8 35. Qf2 Kg7 36. Kg1 h5 37. h3 Rd3 38. c5 Rd4 39. h4 Rd7 
40. Kh2 Qe5+ 41. Kg1 Rc7 42. Rd2 Rxc5 43. Qe1 Bc6 44. Re2 Qd4+ 45. Kh1 Rc3 
46. Kh2 Qf4+ 47. g3 Qf3 48. Rd2 Re3 
0-1

[Event "34th Chess Olympiad (women)"]
[Site "Istanbul"]
[Date "2000.11.05"]
[Round "8.2.1"]
[White "Ioseliani, Nana"]
[Black "Mazakova, Petra"]
[WhiteElo "2476"]
[BlackElo "2319"]
[WhiteCountry "GEO"]
[BlackCountry "CZE"]
[Result "1-0"]

1. e4 c5 2. Nf3 d6 3. d4 cxd4 4. Nxd4 Nf6 5. Nc3 a6 6. Be2 e6 7. O-O Qc7 
8. f4 Be7 9. Be3 O-O 10. a4 b6 11. Bf3 Bb7 12. Qd2 Nc6 13. Qf2 Nd7 
14. Rad1 Nxd4 15. Bxd4 e5 16. Be3 exf4 17. Bxf4 Ne5 18. Be2 Bc6 19. Kh1 Bf6 
20. Qg3 g6 21. Rd2 Bg7 22. Bg5 h6 23. Be3 Rfb8 24. Qh4 h5 25. Bg5 b5 26. Be7 b4 
27. Na2 Bf8 28. Bxf8 Kxf8 29. Qf6 Qd8 30. Qxd8+ Rxd8 31. Nxb4 Bxe4 32. Nxa6 Bb7 
33. Nc7 Rxa4 34. Ne6+ Ke7 35. Nxd8 Kxd8 36. Rxd6+ Kc7 37. Rd2 h4 38. h3 
1-0

[Event "34th Chess Olympiad (women)"]
[Site "Istanbul"]
[Date "2000.11.05"]
[Round "8.2.2"]
[White "Jackova, Jana"]
[Black "Khurtsidze, Nino"]
[WhiteElo "2358"]
[BlackElo "2481"]
[WhiteCountry "CZE"]
[BlackCountry "GEO"]
[Result "1/2-1/2"]

1. e4 c5 2. Nf3 e6 3. b3 d6 4. Bb2 Nf6 5. Bb5+ Nbd7 6. Qe2 Be7 7. O-O O-O 
8. Bxd7 Nxd7 9. c4 b6 10. Nc3 Bb7 11. d4 cxd4 12. Nxd4 a6 13. Rad1 Qc7 
14. Rd3 Bf6 15. Rfd1 Rad8 16. Rh3 g6 17. Qd2 Rfe8 18. Nf3 h5 19. Ng5 Qc5 
20. Rg3 Ne5 21. Na4 Qc6 22. f4 h4 23. Re3 Bxg5 24. fxg5 Nxc4 25. bxc4 Qxa4 
26. Rf1 e5 27. Qf2 Qxc4 28. Qxh4 Bc8 29. g4 Qc5 30. Qf2 Qc4 31. Qh4 Qc5 32. Qf2 
1/2-1/2

[Event "34th Chess Olympiad (women)"]
[Site "Istanbul"]
[Date "2000.11.05"]
[Round "8.3.1"]
[White "Botsari, Anna-Maria"]
[Black "Galliamova, Alisa"]
[WhiteElo "2325"]
[BlackElo "2526"]
[WhiteCountry "GRE"]
[BlackCountry "RUS"]
[Result "0-1"]

1. d4 d5 2. c4 e6 3. Nf3 Nf6 4. Bg5 h6 5. Bh4 Bb4+ 6. Nc3 dxc4 7. e3 b5 
8. a4 c6 9. Nd2 Bb7 10. Qf3 g5 11. Bg3 Nd5 12. e4 g4 13. Qxg4 Nxc3 14. Be5 Rf8 
15. bxc3 Bxc3 16. Rd1 Bb4 17. axb5 c3 18. Nb3 c2+ 19. Rd2 Qa5 20. Bf4 Qa2 
21. Bc4 c1=Q+ 
0-1

[Event "34th Chess Olympiad (women)"]
[Site "Istanbul"]
[Date "2000.11.05"]
[Round "8.4.1"]
[White "Zhukova, Natalia"]
[Black "Sziva, Erika"]
[WhiteElo "2450"]
[BlackElo "2311"]
[WhiteCountry "UKR"]
[BlackCountry "NED"]
[Result "1/2-1/2"]

1. d4 Nf6 2. c4 g6 3. Nc3 Bg7 4. e4 d6 5. f3 O-O 6. Bg5 c5 7. d5 e6 8. Qd2 exd5 
9. cxd5 Re8 10. Nge2 Nbd7 11. Ng3 h5 12. Be2 a6 13. a4 Qa5 14. O-O Nh7 
15. Be3 h4 16. Nh1 f5 17. Nf2 Ne5 18. f4 Nf7 19. Bd3 Bd7 20. Rfe1 Nf6 
21. Qc2 Nh6 22. h3 Rac8 23. Bd2 
1/2-1/2

[Event "34th Chess Olympiad (women)"]
[Site "Istanbul"]
[Date "2000.11.05"]
[Round "8.4.3"]
[White "Sedina, Elena"]
[Black "Jap, Tjoen San Linda"]
[WhiteElo "2405"]
[BlackElo "2210"]
[WhiteCountry "UKR"]
[BlackCountry "NED"]
[Result "1/2-1/2"]

1. e4 c5 2. Nf3 e6 3. d4 cxd4 4. Nxd4 a6 5. c4 Nf6 6. Nc3 Bb4 7. Bd3 Nc6 
8. Nde2 d5 9. exd5 exd5 10. O-O dxc4 11. Bxc4 O-O 12. Bg5 Be7 13. Qxd8 Rxd8 
14. Rad1 Bf5 15. Ng3 Bg6 16. f4 Bc2 17. Rc1 Bd3 18. Bxd3 Rxd3 19. Nf5 Bc5+ 
20. Kh1 Ng4 21. Ne4 Bb6 22. h3 Ne3 23. Rf3 f6 24. Nxe3 Bxe3 25. Re1 fxg5 
26. Rfxe3 Rxe3 27. Rxe3 gxf4 28. Rb3 b5 29. Rc3 Re8 30. Rxc6 Rxe4 31. Rxa6 Re1+ 
32. Kh2 Re2 33. Kg1 Rxb2 34. a4 b4 35. Rb6 Kf7 36. a5 b3 37. a6 Ra2 
38. Rxb3 Rxa6 39. Kf2 Kf6 
1/2-1/2

[Event "34th Chess Olympiad (women)"]
[Site "Istanbul"]
[Date "2000.11.05"]
[Round "8.5.1"]
[White "Hunt, Harriet"]
[Black "Danielian, Elina"]
[WhiteElo "2454"]
[BlackElo "2389"]
[WhiteCountry "ENG"]
[BlackCountry "ARM"]
[Result "0-1"]

1. e4 e6 2. Qe2 c5 3. Nf3 Nc6 4. g3 Nge7 5. d3 g6 6. Bg2 Bg7 7. O-O d6 
8. c3 O-O 9. Rd1 e5 10. Na3 Kh8 11. Nc2 f5 12. b4 cxb4 13. cxb4 a5 14. b5 Nb4 
15. Nxb4 axb4 16. d4 d5 17. Nxe5 dxe4 18. Bg5 Qd6 19. f3 Nd5 20. Qb2 Nc3 
21. Rd2 Be6 22. Bf4 Qe7 23. h4 Rxa2 24. Rxa2 Bxa2 25. Bg5 Bf6 26. Bxf6+ Rxf6 
27. fxe4 fxe4 28. Ng4 e3 29. Re2 Nxe2+ 30. Qxe2 b3 31. Nxf6 Qxf6 32. Bxb7 Qxd4 
33. Qf3 b2 
0-1

[Event "34th Chess Olympiad (women)"]
[Site "Istanbul"]
[Date "2000.11.05"]
[Round "8.5.2"]
[White "Mkrtchian, Lilit"]
[Black "Lalic, Susan"]
[WhiteElo "2312"]
[BlackElo "2315"]
[WhiteCountry "ARM"]
[BlackCountry "ENG"]
[Result "1-0"]

1. e4 c6 2. d4 d5 3. Nc3 dxe4 4. Nxe4 Nd7 5. Bd3 Ngf6 6. Ng5 e6 7. N1f3 Bd6 
8. Qe2 h6 9. Ne4 Nxe4 10. Qxe4 Qc7 11. O-O b6 12. Re1 Bb7 13. Qg4 Kf8 
14. Qh3 Re8 15. Bd2 c5 16. Be4 Bc8 17. Bc3 c4 18. Ne5 Nxe5 19. dxe5 Bc5 
20. Qf3 Rd8 21. h4 b5 22. a3 Ke7 23. Qg3 Kf8 24. Rad1 h5 25. Rd6 g6 26. Rc6 
1-0

[Event "34th Chess Olympiad (women)"]
[Site "Istanbul"]
[Date "2000.11.05"]
[Round "8.5.3"]
[White "Richards, Heather"]
[Black "Hlgatian, Goar"]
[WhiteElo "2109"]
[BlackElo "2209"]
[WhiteCountry "ENG"]
[BlackCountry "ARM"]
[Result "0-1"]

1. e4 e6 2. d4 d5 3. Nc3 Bb4 4. Nge2 dxe4 5. a3 Be7 6. Nxe4 Nf6 7. Qd3 Nc6 
8. Bf4 b6 9. O-O-O Bb7 10. N2c3 Nxe4 11. Nxe4 g5 12. Be3 f5 13. Nc3 f4 
14. Bd2 Qxd4 15. Qh3 O-O-O 16. Qxe6+ Kb8 17. Bb5 Qf6 18. Rhe1 Qxe6 19. Rxe6 Bd6 
20. Ne2 a6 21. Bc4 Ne5 22. Bb3 Bxg2 23. Bc3 Rde8 24. Rg1 Rxe6 25. Bxe6 f3 
26. Nd4 Re8 27. Bf5 Nc4 28. h3 h6 29. Bd7 Rf8 30. Re1 c5 31. Nb3 Kc7 
32. Be6 Bf4+ 33. Kb1 Nd6 34. Bg4 Re8 35. Be6 Bg3 36. Bg4 Bxf2 37. Rxe8 Nxe8 
38. Be5+ Kc6 39. Nd2 Kd5 40. Bc3 Be1 41. Nxf3 Bxc3 42. bxc3 Nf6 43. Ne1 Nxg4 
44. Nxg2 Nf2 45. h4 g4 46. Kc1 Ke4 47. Kd2 Kf3 48. Ne1+ Kg3 49. Ke3 h5 
50. c4 Nd1+ 51. Kd2 Nb2 52. Kc3 Kf2 
0-1

[Event "34th Chess Olympiad (women)"]
[Site "Istanbul"]
[Date "2000.11.05"]
[Round "8.6.2"]
[White "Velcheva, Maria"]
[Black "Agababean, Naira"]
[WhiteElo "2302"]
[BlackElo "2365"]
[WhiteCountry "BUL"]
[BlackCountry "MDA"]
[Result "1-0"]

1. e4 d6 2. d4 Nf6 3. Nc3 g6 4. h3 Bg7 5. Nf3 c6 6. a4 Nbd7 7. Be3 e5 
8. dxe5 dxe5 9. Bc4 Qe7 10. a5 O-O 11. O-O Nc5 12. Nd2 Ne6 13. Na4 Rd8 
14. Bxe6 Bxe6 15. Nc5 Nh5 16. Nxe6 Qxe6 17. Qf3 Bf8 18. b3 Bb4 19. Nc4 Qe7 
20. Rad1 Bc5 21. g3 Kg7 22. Kg2 Nf6 23. c3 Rxd1 24. Rxd1 a6 25. Bxc5 Qxc5 
26. Rd6 Ne8 27. Rd7 Nf6 28. Rxb7 Rd8 29. Rc7 Rb8 30. g4 h6 31. h4 Rf8 
32. Qe3 Qxe3 33. Nxe3 Nxe4 34. Rxc6 Ra8 35. b4 Ra7 36. Nd5 Rd7 37. c4 Nd2 
38. Ne3 Ra7 39. Nd5 Rd7 40. Rxa6 Nxc4 41. Ne3 Na3 42. Rb6 Kf8 43. a6 Ra7 
44. Kf3 Nb1 45. Ke4 Nd2+ 46. Kxe5 Kg7 47. b5 Nf3+ 48. Kd5 Nxh4 49. Rb7 Ra8 
50. a7 
1-0

[Event "34th Chess Olympiad (women)"]
[Site "Istanbul"]
[Date "2000.11.05"]
[Round "8.6.3"]
[White "Susterman, Anja"]
[Black "Djingarova, Emilia"]
[WhiteElo "2223"]
[BlackElo "2263"]
[WhiteCountry "MDA"]
[BlackCountry "BUL"]
[Result "0-1"]

1. e4 c5 2. Nf3 d6 3. d4 cxd4 4. Nxd4 Nf6 5. Nc3 e6 6. f4 a6 7. Bd3 Qc7 
8. O-O b5 9. a3 Bb7 10. Nf3 Nbd7 11. Qe1 Be7 12. Kh1 O-O 13. Bd2 Rfe8 
14. Qg3 Nc5 15. Rae1 d5 16. e5 Nfe4 17. Bxe4 Nxe4 18. Nxe4 dxe4 19. Nd4 Rad8 
20. Bc3 Qb6 21. f5 Bf8 22. fxe6 fxe6 23. Qf4 Bc5 24. Qf7+ Kh8 25. Ba5 Qxa5 
26. b4 Qxa3 27. bxc5 Bd5 28. Rd1 Qxc5 29. Nxe6 Bxe6 30. Qxe6 Qc8 31. Rxd8 Qxe6 
32. Rf8+ Rxf8 33. Rxf8+ Qg8 
0-1

[Event "34th Chess Olympiad (women)"]
[Site "Istanbul"]
[Date "2000.11.05"]
[Round "8.7.2"]
[White "Lakos, Nikoletta"]
[Black "Sommer, Sonja"]
[WhiteElo "2327"]
[BlackElo "2054"]
[WhiteCountry "HUN"]
[BlackCountry "AUT"]
[Result "1/2-1/2"]

1. e4 e5 2. Nf3 Nc6 3. Bc4 Nf6 4. d3 Be7 5. O-O O-O 6. Bb3 d6 7. c3 Na5 8. Bc2
c5 9. h3 Nc6 10. Re1 Re8 11. d4 Qc7 12. d5 Nb8 13. Nbd2 Nbd7 14. Nc4 Bf8 15.
Ne3 g6 16. Ng4 Nxg4 17. hxg4 Bg7 18. g3 Nf8 19. Nh2 Bd7 20. g5 Qc8 21. Qf3 Re7
22. Bd1 f6 23. gxf6 Rf7 24. Ng4 h5 25. Nh6+ Bxh6 26. Bxh6 Nh7 27. Bg7 Nxf6 28.
Bxf6 Qf8 29. Qe3 Rxf6 $15 1/2-1/2

[Event "34th Chess Olympiad (women)"]
[Site "Istanbul"]
[Date "2000.11.05"]
[Round "8.7.3"]
[White "Krasser, Margit"]
[Black "Gara, Anita"]
[WhiteElo "2061"]
[BlackElo "2291"]
[WhiteCountry "AUT"]
[BlackCountry "HUN"]
[Result "1/2-1/2"]

1. d4 g6 2. c4 Bg7 3. g3 d6 4. Bg2 Nf6 5. Nc3 O-O 6. Nf3 Nc6 7. e3 a6 8. O-O
Rb8 9. Qe2 Nd7 10. Rd1 b5 11. cxb5 axb5 12. d5 Na7 13. a3 Ba6 14. Nd4 b4 15.
Qxa6 bxc3 16. bxc3 Nc5 17. Qe2 Qd7 18. a4 Rb7 19. Ra3 Ra8 20. Qc2 Nc8 21. Nc6
Nb6 22. a5 Nc4 23. Ra2 Kf8 24. Ba3 Qf5 25. Qxf5 gxf5 26. Bxc5 dxc5 27. d6 Nxd6
28. a6 Rb6 29. Nxe7 Raxa6 30. Rxa6 Rxa6 31. Nd5 Nb5 32. Rb1 c6 33. c4 cxd5 34.
cxb5 Rb6 35. Bxd5 Be5 $18 36. Bc4 (36. Kf1 Bc3 37. Ke2 Bb4 38. Bc4 Ke7 39. Ra1
Rb7 40. Ra6 Rd7 41. Rh6 $18) 36... Ke7 37. f4 $6 (37. Kf1 $5) 37... Bc3 38. Kf2
Rb7 39. Rb3 (39. Bd3 Bb4 40. Ra1 Bc3 41. Ra6 f6 42. Rc6 Bb4 43. Bxf5 $18) 39...
Bb4 40. Kf3 Ra7 41. e4 fxe4+ 42. Kxe4 Rd7 43. Bd5 Kd6 44. Rd3 Re7+ 45. Kf5 c4
46. Bxc4+ Kc5 47. Bb3 Kxb5 48. Kf6 Re2 49. Rd5+ Kc6 50. Rh5 Bc5 51. Bxf7 Bg1
52. g4 $2 (52. h4 Bh2 53. g4 Bxf4 54. Rxh7 Kd6 55. h5 Be5+ 56. Kg6 Bf4 57. Rh8
Re5 58. h6 Rg5+ 59. Kf6 Be5+ 60. Kxg5 Bxh8 61. Kg6 Bd4 62. Kh7 Be3 63. Kg7 Ke5
64. Bg6 Kf4 65. Bf5 $18) 52... Rxh2 53. g5 (53. Ra5 $5) 53... Rxh5 54. Bxh5
Bd4+ 55. Ke6 Be3 56. Ke5 Kd7 57. Bf7 (57. Ke4 Bd2 58. Bg4+ Ke7 59. Bf5 h6 60.
gxh6 Kf7 61. Bh7 Kf8 62. Kf5 Bc1 63. Bg6 Bxf4 $11) 57... Ke7 58. Bg8 Kf8 59.
Bxh7 Kg7 60. Bc2 Bd2 61. Kf5 Be3 62. Kg4 Bb6 63. Kf5 (63. f5 Bd4 64. Kf4 Bc3
65. Bb3 Bd2+ 66. Kg4 Bc3 $11) 63... Be3 1/2-1/2

[Event "34th Chess Olympiad (women)"]
[Site "Istanbul"]
[Date "2000.11.05"]
[Round "8.8.1"]
[White "Cmilyte, Viktorija"]
[Black "Calzetta, Monica"]
[WhiteElo "2335"]
[BlackElo "2282"]
[WhiteCountry "LTU"]
[BlackCountry "ESP"]
[Result "1-0"]

1. d4 Nf6 2. c4 c5 3. d5 b5 4. cxb5 a6 5. bxa6 g6 6. Nc3 Bxa6 7. e4 Bxf1 
8. Kxf1 d6 9. g3 Bg7 10. Kg2 O-O 11. Nge2 Qb6 12. f3 Na6 13. Rb1 Rfb8 
14. b3 Nd7 15. Be3 Nb4 16. a4 e6 17. dxe6 fxe6 18. h4 Ne5 19. Qd2 Rd8 
20. Nb5 d5 21. Qxb4 d4 22. Bxd4 Rxd4 23. Qe1 Rd3 24. Rf1 c4 25. Nc1 Rd7 
26. Rf2 Rad8 27. bxc4 Rd1 28. Qe2 Qa5 29. Nb3 Rxb1 30. Nxa5 Nd3 31. Nc6 Rd7 
32. Qa2 Ra1 33. Qxa1 Bxa1 34. Ra2 Bf6 35. a5 
1-0

[Event "34th Chess Olympiad (women)"]
[Site "Istanbul"]
[Date "2000.11.05"]
[Round "8.8.2"]
[White "Hernandez, Yudania"]
[Black "Varniene, Rita"]
[WhiteElo "2322"]
[BlackElo "2190"]
[WhiteCountry "ESP"]
[BlackCountry "LTU"]
[Result "1/2-1/2"]

1. e4 e6 2. d4 d5 3. Nc3 Nf6 4. Bg5 Bb4 5. e5 h6 6. Bd2 Bxc3 7. bxc3 Ne4 
8. Qg4 g6 9. Bd3 Nxd2 10. Kxd2 c5 11. h4 Bd7 12. Rh3 Qe7 13. Nf3 Bc6 14. a4 Nd7 
15. Rhh1 c4 16. Be2 O-O-O 17. Rhb1 f6 18. Qg3 Rdf8 19. a5 fxe5 20. Nxe5 Nxe5 
21. Qxe5 Qf6 22. Qxf6 Rxf6 23. Bf3 Kd7 24. Re1 Rf4 25. Re3 Rhf8 26. Rh1 Kd6 
27. Re5 Bd7 28. Ke2 Ba4 29. Kd2 Bd7 30. Ke2 Ba4 31. Kd2 Bd7 32. Ke2 Ba4 
33. Kd2 Bd7 34. Ke2 Bc8 35. Re3 R4f6 36. g3 Bd7 37. Re5 Ba4 38. Kd2 Rf4 
1/2-1/2

[Event "34th Chess Olympiad (women)"]
[Site "Istanbul"]
[Date "2000.11.05"]
[Round "8.8.3"]
[White "Domarkaite, Laima"]
[Black "Nieves, Garcia"]
[WhiteElo "2187"]
[BlackElo "2000"]
[WhiteCountry "LTU"]
[BlackCountry "ESP"]
[Result "1/2-1/2"]

1. e4 e5 2. Nf3 Nc6 3. Bc4 Nf6 4. d3 Bc5 5. c3 a6 6. Bb3 d6 7. O-O Ba7 
8. Re1 h6 9. Nbd2 O-O 10. Nf1 Be6 11. h3 Re8 12. Ng3 d5 13. Qe2 Qd7 
14. Bc2 Rad8 15. Kh2 Qe7 16. Be3 Bxe3 17. Qxe3 dxe4 18. dxe4 Nd7 19. b3 Qc5 
20. Nf1 Qxe3 21. Nxe3 Nb6 22. Rad1 f6 23. Kg1 Kf8 24. Kf1 Rxd1 25. Rxd1 Rd8 
26. Rxd8+ Nxd8 27. Ke2 Nf7 28. Ne1 Nd6 29. f3 c6 30. Nd3 Nd7 31. Nb2 Ke7 
32. Kd2 a5 33. Bd3 Nc5 34. Kc2 b5 35. c4 b4 36. Nbd1 Bd7 37. Kd2 Ne6 
38. Nf2 Nd4 39. Nc2 Nxc2 40. Bxc2 Nb7 41. Nd3 Kd6 42. Ke3 Be6 43. Bd1 Bf7 
44. h4 Nc5 45. Nxc5 Kxc5 46. Be2 g5 47. hxg5 hxg5 48. g4 
1/2-1/2

[Event "34th Chess Olympiad (women)"]
[Site "Istanbul"]
[Date "2000.11.05"]
[Round "8.9.3"]
[White "Zielinska, Marta"]
[Black "Shah, Pallavi G"]
[WhiteElo "2376"]
[BlackElo "2137"]
[WhiteCountry "POL"]
[BlackCountry "IND"]
[Result "1-0"]

1. d4 Nf6 2. Nf3 c5 3. d5 b5 4. Bg5 d6 5. Bxf6 exf6 6. e4 a6 7. a4 b4 8. Bd3 g6 
9. Nbd2 Bg7 10. Nc4 a5 11. O-O O-O 12. Nfd2 Bb7 13. g4 f5 14. gxf5 Qg5+ 
15. Kh1 gxf5 16. Rg1 Qh6 17. Ne3 Bc8 18. exf5 Kh8 19. Ng4 Qf4 20. f6 Bh6 
21. Nxh6 Qxh6 22. Rg7 Qxf6 23. Rg1 Qh6 24. Rg7 Qf6 
1-0

[Event "34th Chess Olympiad (women)"]
[Site "Istanbul"]
[Date "2000.11.05"]
[Round "8.12.1"]
[White "Klinova, Masha"]
[Black "Sanchez Castillo, Sarai"]
[WhiteElo "2350"]
[BlackElo "2093"]
[WhiteCountry "ISR"]
[BlackCountry "VEN"]
[Result "1-0"]

1. e4 e6 2. d3 d5 3. Nd2 c5 4. Ngf3 Nc6 5. g3 Bd6 6. Bg2 Nge7 7. O-O O-O 
8. Re1 f6 9. exd5 exd5 10. d4 c4 11. c3 b5 12. b3 Bg4 13. a4 b4 14. Bb2 cxb3 
15. Nxb3 Na5 16. Nxa5 Qxa5 17. Re3 Rab8 18. cxb4 Bxb4 19. Ba3 Nf5 20. Rb3 Bxa3 
21. Raxa3 Nd6 22. Qd2 Qc7 23. Qf4 Be6 24. h4 Qd7 25. Nd2 Rbc8 26. Rc3 Nc4 
27. Nxc4 dxc4 28. Ra1 Rfd8 29. d5 Bxd5 30. Rd1 Qc6 31. Rxd5 Rxd5 32. Kh2 Rcd8 
33. Rxc4 Qd6 34. Bxd5+ Qxd5 35. Rc7 a5 36. Ra7 Re8 37. Qc7 
1-0

[Event "34th Chess Olympiad (women)"]
[Site "Istanbul"]
[Date "2000.11.05"]
[Round "8.12.2"]
[White "Blanco, Acevedo Maria Carolina"]
[Black "Borsuk, Angela"]
[WhiteElo "2030"]
[BlackElo "2303"]
[WhiteCountry "VEN"]
[BlackCountry "ISR"]
[Result "1/2-1/2"]

1. c4 d6 2. Nc3 c5 3. e4 Nc6 4. f4 g6 5. Nf3 Bg4 6. Be2 Bg7 7. O-O Nf6 
8. d3 O-O 9. Qe1 Bxf3 10. Bxf3 Nd4 11. Bd1 Nd7 12. a4 Rb8 13. Be3 a6 14. g4 b5 
15. axb5 axb5 16. Rb1 bxc4 17. dxc4 Nb6 18. b3 Rb7 19. Kh1 Qb8 20. Bxd4 Bxd4 
21. Nb5 Bg7 22. Qh4 d5 23. exd5 Nxd5 24. Bf3 Nxf4 25. Qf2 Rxb5 26. cxb5 Qxb5 
27. Qe3 e5 28. Rfc1 Ne6 29. Rc4 Nd4 30. Bd5 
1/2-1/2

[Event "34th Chess Olympiad (women)"]
[Site "Istanbul"]
[Date "2000.11.05"]
[Round "8.12.3"]
[White "Tsifanskaya, Ludmila A"]
[Black "Martinez, Aleidi"]
[WhiteElo "2220"]
[BlackElo "2181"]
[WhiteCountry "ISR"]
[BlackCountry "VEN"]
[Result "1/2-1/2"]

1. Nf3 e6 2. g3 c5 3. Bg2 Nc6 4. O-O Nf6 5. d3 d5 6. Nbd2 Be7 7. e4 O-O 
8. c3 dxe4 9. dxe4 e5 10. Qe2 Qc7 11. Re1 b6 12. Nf1 a5 13. Bg5 Ba6 
14. Qc2 Rad8 15. Rad1 Ng4 16. Bc1 Rxd1 17. Rxd1 Rd8 18. h3 Nf6 19. Ne3 Rxd1+ 
20. Qxd1 Qd8 21. Nd5 Bc4 22. Nxe7+ Qxe7 23. b3 Ba6 24. Nh4 Qd7 25. Qxd7 Nxd7 
26. Nf5 Kf8 27. f3 Ne7 28. Ne3 Nf6 29. a4 Ke8 30. Kf2 Kd8 31. Ba3 Nc6 
32. f4 exf4 33. gxf4 Bd3 34. Nd5 Nxd5 35. exd5 Ne7 36. b4 cxb4 37. cxb4 axb4 
38. Bxb4 Bc4 39. d6 Nd5 40. Bxd5 Bxd5 41. Ke3 Kd7 42. a5 bxa5 43. Bxa5 Kxd6 
44. Kf2 
1/2-1/2

[Event "34th Chess Olympiad (women)"]
[Site "Istanbul"]
[Date "2000.11.05"]
[Round "8.13.1"]
[White "Hahn, Anna"]
[Black "Misanovic, Vesna"]
[WhiteElo "2257"]
[BlackElo "2384"]
[WhiteCountry "USA"]
[BlackCountry "BIH"]
[Result "0-1"]

1. d4 d5 2. c4 e6 3. Nf3 Nf6 4. Nc3 Bb4 5. e3 Nbd7 6. Bd3 b6 7. O-O Bb7 
8. cxd5 exd5 9. Qa4 Bd6 10. Ba6 Bxa6 11. Qxa6 c6 12. Qd3 O-O 13. e4 dxe4 
14. Nxe4 Nxe4 15. Qxe4 Qc7 16. Bd2 Rae8 17. Qd3 Nf6 18. Rac1 Rc8 19. h3 Rfd8 
20. Bg5 Be7 21. Qc4 b5 22. Qb3 Nd5 23. Bxe7 Qxe7 24. Ne5 Qf6 25. Rc2 a5 
26. a3 a4 27. Qg3 Ne7 28. Qc3 Rd6 29. Nf3 h6 30. Rd2 Nd5 31. Qc5 Nf4 
32. Qe5 Qxe5 33. dxe5 Rxd2 34. Nxd2 Nd3 35. Rb1 Nxe5 36. Kf1 c5 37. Ke2 c4 
38. Ne4 Nd3 39. Nc3 Rb8 40. f3 b4 41. axb4 Rxb4 42. Kd2 Nxb2 43. Nxa4 Rxa4 
44. Rxb2 Kh7 45. Rc2 Kg6 46. Ke3 Kf5 47. f4 h5 48. g3 g6 49. Rc3 Rb4 
50. Rc2 Ke6 51. Kd4 Rb3 52. Rg2 c3 53. Rc2 Kf5 54. Ke3 f6 55. Kf3 Ke6 
56. Ke4 Rb4+ 57. Kd3 h4 58. Kxc3 Ra4 59. gxh4 Rxf4 60. Rg2 Kf5 61. h5 Rf3+ 
62. Kd2 gxh5 63. Rg8 Rxh3 64. Ke2 Kf4 65. Kf2 Rh2+ 66. Kg1 Ra2 67. Rh8 h4 
68. Rb8 f5 69. Rb4+ Kg3 70. Rb3+ Kg4 71. Rb4+ f4 72. Rb8 Kg3 73. Rg8+ Kf3 
74. Rb8 Rg2+ 75. Kh1 Re2 76. Kg1 Re1+ 77. Kh2 Kf2 78. Rh8 f3 79. Ra8 Kf1 
80. Rg8 f2 81. Ra8 Ke2 82. Re8+ Kd2 
0-1

[Event "34th Chess Olympiad (women)"]
[Site "Istanbul"]
[Date "2000.11.05"]
[Round "8.13.2"]
[White "Titova-Boric, Elena"]
[Black "Shahade, Jennifer"]
[WhiteElo "2207"]
[BlackElo "2238"]
[WhiteCountry "BIH"]
[BlackCountry "USA"]
[Result "1/2-1/2"]

1. e4 c5 2. Nf3 d6 3. d4 Nf6 4. Nc3 cxd4 5. Bb5+ Bd7 6. Bxd7+ Qxd7 7. Nxd4 Nc6 
8. Bg5 Rc8 9. O-O Qg4 10. Bxf6 Qxd1 11. Raxd1 gxf6 12. Nxc6 Rxc6 13. Rfe1 Bh6 
14. Re2 e6 15. Nd5 Kd8 16. Nxf6 Bg7 17. e5 Ke7 18. Ng4 dxe5 19. c3 Rd6 
20. Rde1 Rhd8 21. g3 Rd2 22. Kg2 h5 23. Ne3 f5 24. Nc4 Rxe2 25. Rxe2 e4 
26. h3 Rd3 27. Na5 Rd5 28. Nc4 Bh6 29. Kf1 Rd1+ 30. Kg2 Rd5 31. Kf1 Rd1+ 
32. Kg2 Kf6 33. Na5 Rd7 34. Nb3 Bf8 35. Rd2 Rd3 36. Rxd3 exd3 37. f4 e5 
38. fxe5+ Kxe5 39. Kf3 Bh6 40. Nc5 d2 41. Ke2 b6 
1/2-1/2

[Event "34th Chess Olympiad (women)"]
[Site "Istanbul"]
[Date "2000.11.05"]
[Round "8.14.3"]
[White "Ovezova, Maisa"]
[Black "Mammadyarova, Zaynab"]
[WhiteElo "2174"]
[BlackElo "2173"]
[WhiteCountry "TKM"]
[BlackCountry "AZE"]
[Result "0-1"]

1. d4 d6 2. e4 g6 3. Nf3 Bg7 4. Nc3 Nf6 5. Be2 O-O 6. h3 e5 7. dxe5 dxe5 
8. Bg5 Nbd7 9. Qc1 c6 10. O-O Qc7 11. Bh6 Nc5 12. Bxg7 Kxg7 13. Qe3 Ne6 
14. Rfd1 Nd7 15. Bf1 f6 16. Ne2 Qb6 17. Qxb6 axb6 18. Nd2 Nec5 19. Ng3 b5 
20. h4 Nb6 21. Be2 Be6 22. a3 Nba4 23. Rdb1 Rfd8 24. Ngf1 Rd4 25. c3 Rd6 
26. Bd1 Rad8 27. b4 Nd7 28. Bxa4 bxa4 29. c4 Rd4 30. c5 Nb8 31. Rb2 Na6 
32. Re1 Nc7 33. Re3 Nb5 34. Kh2 Rd3 35. Nb1 Rxe3 36. Nxe3 Rd3 37. Nc2 Rb3 
38. Rxb3 Bxb3 39. Na1 Ba2 40. Nd2 Nxa3 41. Kg3 Kf7 42. Kf3 Ke7 43. Ke3 Kd7 
44. Kd3 Be6 45. g3 h6 46. f4 exf4 47. gxf4 g5 48. hxg5 hxg5 49. f5 Bg8 
50. e5 fxe5 51. Ne4 Ba2 52. Nxg5 Bb1+ 53. Kd2 Bxf5 54. Nf7 Nc4+ 55. Kc3 Ke7 
56. Ng5 Ne3 57. Nf3 Ke6 58. Kb2 Kd5 59. Ne1 Kc4 60. Ka3 Be4 61. Kxa4 Kc3 
62. Nb3 Nc2 63. Na5 Nxe1 64. Nxb7 Bc2+ 65. Ka5 Nd3 66. b5 cxb5 67. c6 Nb4 
68. c7 Nc6+ 69. Kxb5 Ne7 70. Nc5 Bf5 71. Na4+ Kd4 72. Nb2 Bc2 
0-1

[Event "34th Chess Olympiad (women)"]
[Site "Istanbul"]
[Date "2000.11.05"]
[Round "8.15.2"]
[White "Mongontuul, Bathuyang"]
[Black "Lagvilava, Genrieta"]
[WhiteElo "2110"]
[BlackElo "2318"]
[WhiteCountry "MGL"]
[BlackCountry "BLR"]
[Result "0-1"]

1. e4 c6 2. d4 d5 3. e5 Bf5 4. Nc3 e6 5. g4 Bg6 6. Nge2 c5 7. Be3 Nc6 
8. dxc5 Nxe5 9. Nd4 Nc6 10. Bb5 Rc8 11. f4 Be4 12. Nxe4 dxe4 13. Nxc6 Qxd1+ 
14. Rxd1 bxc6 15. Bc4 Rb8 16. O-O Nf6 17. g5 Nd7 18. f5 Bxc5 19. Bxc5 Nxc5 
20. fxe6 Nxe6 21. Bxe6 fxe6 22. b3 Rb5 23. h4 Ke7 24. Rd4 e3 25. Re4 Rd8 
26. Rxe3 Rd4 27. Rfe1 Rg4+ 28. Kh2 Rxh4+ 29. Kg3 Rd4 30. Rxe6+ Kd8 31. Re8+ Kc7 
32. R1e5 Rxe5 33. Rxe5 Rd7 34. Re6 Rf7 35. g6 hxg6 36. Rxg6 Kb6 37. Rg5 Rf1 
38. Rxg7 Rg1+ 
0-1

[Event "34th Chess Olympiad (women)"]
[Site "Istanbul"]
[Date "2000.11.05"]
[Round "8.15.3"]
[White "Popova, Natalija"]
[Black "Anhchimeg, Bayanmonh"]
[WhiteElo "2297"]
[BlackElo "2139"]
[WhiteCountry "BLR"]
[BlackCountry "MGL"]
[Result "1/2-1/2"]

1. d4 d5 2. Nc3 Nf6 3. Bg5 c6 4. e3 Bf5 5. Bd3 Bxd3 6. cxd3 e6 7. Nf3 Be7 
8. Ne5 Nbd7 9. Nxd7 Nxd7 10. Bxe7 Qxe7 11. O-O O-O 12. Rb1 c5 13. dxc5 Nxc5 
14. b4 Nd7 15. Qd2 Rfd8 16. a4 Rac8 17. Rfc1 Qg5 18. Nb5 Ne5 19. Qe2 Nc6 
20. Rc2 Qe7 21. Rcb2 Rd7 22. Rc2 Rdd8 23. Rcb2 Rd7 24. Rc2 Rdd8 25. Rcb2 
1/2-1/2